| 000 | 01084nam a2200361 i 4500 | ||
|---|---|---|---|
| 001 | 1587 | ||
| 003 | KOSZ 005 | ||
| 005 | 20221021092325.0 | ||
| 008 | 000114s1980 pl a f f |000 0 pol | ||
| 015 | _aPB 1981/553 | ||
| 020 | _a8301020431 | ||
| 035 | _a(OCoLC)749217042 | ||
| 040 |
_aWA N _cWA N _dKOSZ 005/HR |
||
| 041 | 0 | _apol | |
| 046 | _k1980 | ||
| 080 | _a621.74 | ||
| 080 | _a(075.8) | ||
| 100 | 1 |
_aSzreniawski, Janusz _eAutor |
|
| 245 | 1 | 0 |
_aOdlewnictwo / _cJanusz Szreniawski. |
| 260 |
_aWarszawa : _bPańst. Wydaw. Naukowe, _c1980. |
||
| 300 |
_a372 s., [1] k. tabl. : _bil., tab., wykr. ; _c24 cm. |
||
| 380 | _aKsiążki. | ||
| 380 | _aPublikacje dydaktyczne | ||
| 385 |
_mPoziom nauczania _aSzkoły wyższe |
||
| 388 | _a1901-2000 | ||
| 490 | _aTechniki wytwarzania | ||
| 504 | _aBibliogr. s. 371-372. | ||
| 658 | _aInżynieria i technika | ||
| 655 | 4 | _aPodręczniki akademickie | |
| 650 | 4 | _aOdlewnictwo | |
| 856 |
_uhttp://koha.tu.koszalin.pl/cgi-bin/koha/opac-detail.pl?biblionumber=1587 _yKatalog online BPK |
||
| 942 |
_2UKD _cKS |
||
| 999 |
_c1587 _d1587 |
||